000 00538nmm a2200169Ia 4500
008 251105s9999||||xx |||||||||||||||||und||
020 _a9788446053347
041 _aspa
100 _aVindel, Jaime
245 0 _aCultura fósil :
_b Arte, cultura y política entre la Revolución industrial y el calentamiento global
264 _a[Madrid, España] :
_bAkal,
_c2023
300 _a496 páginas
490 _aPensamiento crítico
650 _aArts in general
856 _uhttps://public.digitaliapublishing.com/a/128743
942 _cCF
999 _c83298
_d83298